Central Library OPAC University of Rajshahi

Freshman composition / (Record no. 43252)

MARC details
000 -LEADER
fixed length control field 00633nam a2200217 a 4500
001 - CONTROL NUMBER
control field 43252
003 - CONTROL NUMBER IDENTIFIER
rucl marc code BD-RjUL
005 - DATE AND TIME OF LATEST TRANSACTION
control field 20211209053653.0
008 - FIXED-LENGTH DATA ELEMENTS--GENERAL INFORMATION
fixed length control field 160620s1940 mau 001 0 eng
035 ## - SYSTEM CONTROL NUMBER
System control number (BD-RjUL) 43370
System control number (OCoLC)5013023
040 ## - CATALOGING SOURCE
Original cataloging agency DLC
Transcribing agency IaDaMC
Modifying agency DLC
-- BD-RjUL
Language of cataloging eng
041 ## - LANGUAGE CODE
Language code of text/sound track or separate title eng
082 ## - DEWEY DECIMAL CLASSIFICATION NUMBER
Classification number 424.4
Edition number 23
Author mark and year LAF 1940
100 1# - MAIN ENTRY--PERSONAL NAME
Personal name Landis, Paul,
Dates associated with a name 1893-
9 (RLIN) 132857
245 10 - TITLE STATEMENT
Title Freshman composition /
Statement of responsibility, etc. by Paul Nissley Landis.
260 ## - PUBLICATION, DISTRIBUTION, ETC. (IMPRINT)
Place of publication, distribution, etc. Boston :
Name of publisher, distributor, etc. D. C. Heath and company,
Date of publication, distribution, etc. c1940
300 ## - PHYSICAL DESCRIPTION
Pagination [2], iii-vii, 389 p. ;
Size 21 cm.
650 #0 - SUBJECT ADDED ENTRY--TOPICAL TERM
Topical term or geographic name as entry element English language
General subdivision Rhetoric.
9 (RLIN) 132858
942 ## - ADDED ENTRY ELEMENTS (KOHA)
Source of classification or shelving scheme Dewey Decimal Classification
Koha item type Books
Holdings
Lost status Source of classification or shelving scheme Damaged status Not for loan Collection code Permanent Location Current Location Shelving location Date acquired Source of acquisition Total Checkouts Full call number Date last seen Copy number Koha item type
  Dewey Decimal Classification     Non-fiction Central Library, University of Rajshahi Central Library, University of Rajshahi   09/06/1965 Peace carks american ,Rajshahi   424.4 LAF 1940 20/06/2016 C-2 Books